Desarrollo local en México: Iniciativas y miradas en diferentes territorios /
Enregistré dans:
| Auteur principal: | |
|---|---|
| Autres auteurs: | , |
| Format: | Livre |
| Langue: | Spanish |
| Publié: |
Ciudad de México, México:
Colofón Ediciones Académicas;
2016
|
| Tags: |
Ajouter un tag
Pas de tags, Soyez le premier à ajouter un tag!
|
MARC
| LEADER | 00000nam a22000007a 4500 | ||
|---|---|---|---|
| 003 | cru CIDCACS/IIS | ||
| 005 | 20240627165627.0 | ||
| 008 | 240621b2016 mx ||||| |||| 00| 0 spa d | ||
| 020 | |a 978-607-8441-81-5 | ||
| 040 | |a cru CIDCACS/IIS |b spa |c cru CIDCACS/IIS | ||
| 090 | |a 03.02.03 F615d | ||
| 100 | 1 | |a Fletes Ocón, Héctor B. |9 7305 | |
| 245 | 1 | |a Desarrollo local en México: |b Iniciativas y miradas en diferentes territorios / |c Héctor B. Fletes Ocón, Pablo Chauca Malásquez y Jorge López Arévalo |h [impreso] | |
| 260 | |a Ciudad de México, México: |b Colofón Ediciones Académicas; |c 2016 | ||
| 300 | |a 241 páginas | ||
| 650 | 0 | 7 | |0 TESAUROS |2 TESAUROS |
| 700 | 1 | |a Chauca Malásquez, Pablo Manuel |9 12162 | |
| 700 | 1 | |a López Arévalo, Jorge Alberto |9 12163 | |
| 942 | |2 z |c LI |h <script>document.querySelector('[id^="tag_090_subfield_a"]').value</script> |i 17727 |k 03.02.03 |m F615d |6 SCRIPTDOCUMENTQUERYSELECTORIDTAG_090_SUBFIELD_AVALUESCRIPT_17727 | ||
| 999 | |c 45823 |d 45823 | ||



